| 000 | 00550nam a22002057a 4500 | ||
|---|---|---|---|
| 003 | OSt | ||
| 005 | 20160617151036.0 | ||
| 008 | 160617b xxu||||| |||| 00| 0 eng d | ||
| 020 | _a9781416062615 | ||
| 040 | _cDNLM | ||
| 082 | _aWE100 Q23t 2010 | ||
| 100 |
_aOuellette, Hugue A. _99476 |
||
| 245 | _aThe Teaching Files Musculoskeletal | ||
| 260 | _aPhiladelphia; Saunders, 2010 | ||
| 300 | _aix,818p; col.ill: 28.5cm | ||
| 504 | _aCases, & indice | ||
| 650 |
_aMusculoskeletal system _9161 |
||
| 650 |
_aOrthopaedics _9923 |
||
| 942 |
_2z _cO_SHELF |
||
| 999 |
_c4405 _d4405 |
||